| 000 | 01493nab a22002417a 4500 | ||
|---|---|---|---|
| 999 |
_c5257 _d5257 |
||
| 003 | OSt | ||
| 005 | 20250209192752.0 | ||
| 008 | 190603e xxum|||| |||| 00| 0 spa d | ||
| 040 | _cPJ | ||
| 100 |
_96270 _aPedraza, Marco |
||
| 245 | 1 | 0 |
_aAtribución del uso de la vivienda familiar : _bluces, sombras e interrogantes de una regulación perfectible / _cMarco Pedraza. |
| 260 |
_cCiudad Autónoma de Buenos Aires : _aThomson Reuters La Ley, _b2025. |
||
| 300 | _ap. 149-169 | ||
| 500 | _aCita Online: TR LALEY AR/DOC/37/2025. Publicado en: RCCyC 2025 (febrero) , 149. | ||
| 505 | _a Sumario: I. Palabras introductorias.— II. Un necesario punto de partida: la atribución del uso de la vivienda familiar como efecto del divorcio o del cese de la unión convivencial. Concepto y ubicación metodológica.— III. La atribución del uso de la vivienda familiar como efecto del divorcio.— IV. La atribución del uso de la vivienda como efecto del cese de la unión convivencial: una protección rígida, endeble y precaria.— V. Palabras finales. | ||
| 505 | _t¿Te interesa el texto completo? Solicitalo al correo: koha@justierradelfuego.gov.ar | ||
| 650 | 0 |
_9967 _aDERECHO DE FAMILIA |
|
| 650 | 0 |
_95362 _aVIVIENDA FAMILIAR |
|
| 650 | 0 |
_95573 _aATRIBUCIÓN DE LA VIVIENDA |
|
| 650 | 0 |
_91053 _aUNIONES CONVIVENCIALES |
|
| 773 | 0 |
_02713 _93170 _dCiudad Autónoma de Buenos Aires : Thomson Reuters La Ley, 2015- _tRevista Código Civil y Comercial. Nº 1 - Febrero 2025 |
|
| 942 |
_2udc _cANA |
||